[Event "Port of Spain op"]
[Site "Port of Spain"]
[Date "2017.08.31"]
[Round "7"]
[White "Ramtahal, Justin"]
[Black "Bhola, Naresh"]
[Result "0-1"]
[WhiteElo "1117"]
[BlackElo "1442"]
[PlyCount "40"]
[EventDate "2017.08.27"]
[EventType "swiss"]
[EventRounds "9"]
[EventCountry "TRI"]
[SourceTitle "CBM 180 Extra"]
[Source "ChessBase"]
[SourceDate "2017.10.06"]
[SourceVersion "1"]
[SourceVersionDate "2017.10.06"]
[SourceQuality "1"]

1. e4 e5 2. Nf3 Nc6 3. d4 d6 4. Bb5 Bd7 5. h3 Nf6 6. Nc3 Be7 7. 0-0 a6 8. Bxc6 bxc6 9. Bg5 Nh5 10. Bxe7 Qxe7 11. d5 Nf4 12. Re1 h5 13. h4 g5 14. hxg5 h4 15. Kf1 h3 16. g3 h2 17. Nxh2 Rxh2 18. gxf4 exf4 19. f3 Qxg5 20. Ne2 Bh3# 0-1